| 000 | 00507nam a2200193Ia 4500 | ||
|---|---|---|---|
| 003 | OSt | ||
| 005 | 20260116112631.0 | ||
| 008 | 210210b1964 xxu||||| |||| 00| 0 eng d | ||
| 040 | _cAL | ||
| 041 | _aKannada | ||
| 082 | _a859/858 | ||
| 100 |
_aDEVUDU _9135832 _dದೇವುಡು. |
||
| 245 |
_aMahadarshana _bಮಹಾದರ್ಶನ |
||
| 260 |
_aBengaluru _bSharada Prakatanalaya _c1964 |
||
| 650 |
_aMahAdarshana _9135833 |
||
| 690 |
_aKannada Fiction _9135834 |
||
| 906 | _a021618 | ||
| 942 |
_2ddc _cBK |
||
| 999 |
_c145706 _d145706 |
||